000 02076cam a22005174i 4500
003 PE-LiUPU
005 20250731172727.0
008 150623s1984 miu rb 000 0 eng d
020 _a0943872405
035 _a(Sirsi) i9780943872407
040 _aPE-LiUPU
_bspa
_cPE-LiUPU
_erda
049 _aPRUA
082 0 4 _a234.7
_bH36
_221
100 1 _aHeinz, Johann,
_eautor.
245 1 0 _aJustification and merit :
_bLuther vs. Catholicism /
_cby Johann Heinz.
264 1 _aBerrien Springs, Michigan :
_bAndrews University press,
_c1984.
300 _a459 páginas ;
_c23 centímetros.
336 _atext
_2rdacontent
337 _aunmediated
_2rdamedia
338 _avolume
_2rdacarrier
490 0 _aAndrews University Seminary doctoral dissertation series ;
_v8
504 _aIncluye bibliografía.
505 0 _aLuther and the problem of justification and merit. -The problem of justification and merit in modern catholic theology.
526 _aSEG42
526 _aSEG41
526 _aSEG40
526 _aSEG39
526 _aP94
526 _aP87
526 _aP86
526 _aP85
526 _aP77
526 _aP76
526 _aP35
600 1 _aLutero, Martin.
_d1483-1546
_91490
650 0 4 _aBuenas obras (Teología).
650 0 4 _aJustificación (teología cristiana).
_91185
942 _2ddc
_cBOOK
949 _a220.6 A 8
_wDEWEY
_c1
_i27201
_d2016-5-30
_e2016-5-29
_lCCODEBUL1
_mBUL
_n1
_r0
_sY
_tBOOK
_u2015-6-17
_xTEOLOGIA
_PP35
_0COMPRA
_o.STAFF. Colección Teología
949 _a234.7 H36
_wDEWEY
_c1
_i43924
_lCCODEBUL1
_mBUL
_r0
_sY
_tBOOK
_u2015-6-24
_xTEOLOGIA
_PP35
_0COMPRA
_o.STAFF. Colección Teología
994 _aC0
_bPEPRU
596 _a1
999 _a234.7 H36
_wDEWEY
_c1473
_i43924
_f2021-11-10
_g5
_lCCODEBUL1
_mBUL
_r0
_sY
_tBOOK
_u2015-6-24
_xTEOLOGIA
_PP35
_0COMPRA
_o.STAFF. Colección General
_d1473
999 _a220.6 A 8
_wDEWEY
_c1
_i27201
_d2016-5-30
_e2016-5-29
_f2021-11-9
_g5
_lCCODEBUL1
_mBUL
_n1
_r0
_sY
_tBOOK
_u2015-6-17
_xTEOLOGIA
_PP35
_0COMPRA
_o.STAFF. Colección General
980 _81
_gALBERTO SANCHEZ Responsable de Automatización